<?xml version="1.0" encoding="UTF-8"?>
<record
    xmlns:xsi="http://www.w3.org/2001/XMLSchema-instance"
    xsi:schemaLocation="http://www.loc.gov/MARC21/slim http://www.loc.gov/standards/marcxml/schema/MARC21slim.xsd"
    xmlns="http://www.loc.gov/MARC21/slim">

  <leader>01087nam a2200265 a 4500</leader>
  <controlfield tag="005">20240516131955.0</controlfield>
  <controlfield tag="008">100311s2008||||sp d   f |||| 001 0 spa d</controlfield>
  <datafield tag="020" ind1=" " ind2=" ">
    <subfield code="a">9788497514514</subfield>
  </datafield>
  <datafield tag="041" ind1=" " ind2=" ">
    <subfield code="a">spa</subfield>
  </datafield>
  <datafield tag="092" ind1=" " ind2=" ">
    <subfield code="c">616.89</subfield>
    <subfield code="l">28</subfield>
    <subfield code="s">GAB</subfield>
  </datafield>
  <datafield tag="100" ind1="1" ind2=" ">
    <subfield code="a">Gabbard, Glen O.</subfield>
    <subfield code="e">Dir.</subfield>
    <subfield code="9">2004</subfield>
  </datafield>
  <datafield tag="245" ind1=" " ind2=" ">
    <subfield code="a">Tratamientos de los Trastornos Psiqui&#xE1;tricos. </subfield>
    <subfield code="b">T.2 /</subfield>
    <subfield code="c">Glen O. Gabbard</subfield>
  </datafield>
  <datafield tag="250" ind1=" " ind2=" ">
    <subfield code="a">1a ed.</subfield>
    <subfield code="b">Traducci&#xF3;n Jos&#xE9; Luis Agud Aparicio. Revisi&#xF3;n cientifica Consuelo de Dios Perrino</subfield>
  </datafield>
  <datafield tag="260" ind1=" " ind2=" ">
    <subfield code="a">Barcelona: </subfield>
    <subfield code="b">Ars Medica;</subfield>
    <subfield code="c">2009.</subfield>
  </datafield>
  <datafield tag="300" ind1=" " ind2=" ">
    <subfield code="a">463-919 p.</subfield>
  </datafield>
  <datafield tag="500" ind1=" " ind2=" ">
    <subfield code="a">Gabbard, G. O. (Dir.). (2009). Tratamientos de los Trastornos Psiqui&#xE1;tricos. T.2 (1a ed.). Barcelona : Ars Medica.</subfield>
  </datafield>
  <datafield tag="653" ind1=" " ind2=" ">
    <subfield code="a">Trastornos de ansiedad, trastornos dosiciativos y trastornos de adaptaci&#xF3;n</subfield>
  </datafield>
  <datafield tag="653" ind1=" " ind2=" ">
    <subfield code="a">Trastornos somatomorfos y facticios</subfield>
  </datafield>
  <datafield tag="653" ind1=" " ind2=" ">
    <subfield code="a">Trastornos sexuales y de la identidad sexual</subfield>
  </datafield>
  <datafield tag="653" ind1=" " ind2=" ">
    <subfield code="a">Trastornos de la conducta alimentaria</subfield>
  </datafield>
  <datafield tag="653" ind1=" " ind2=" ">
    <subfield code="a">Trastornos de la personalidad</subfield>
  </datafield>
  <datafield tag="653" ind1=" " ind2=" ">
    <subfield code="a">Trastornos del sue&#xF1;o</subfield>
  </datafield>
  <datafield tag="653" ind1=" " ind2=" ">
    <subfield code="a">Trastornos del control de los impulsos</subfield>
  </datafield>
  <datafield tag="942" ind1=" " ind2=" ">
    <subfield code="2">ddc</subfield>
    <subfield code="c">BK</subfield>
  </datafield>
  <datafield tag="999" ind1=" " ind2=" ">
    <subfield code="c">1289</subfield>
    <subfield code="d">1289</subfield>
  </datafield>
  <datafield tag="952" ind1=" " ind2=" ">
    <subfield code="0">0</subfield>
    <subfield code="1">0</subfield>
    <subfield code="2">ddc</subfield>
    <subfield code="4">0</subfield>
    <subfield code="7">0</subfield>
    <subfield code="a">BFM</subfield>
    <subfield code="b">BFM</subfield>
    <subfield code="c">CR</subfield>
    <subfield code="d">2013-03-20</subfield>
    <subfield code="e">PROMED</subfield>
    <subfield code="g">358.00</subfield>
    <subfield code="l">1</subfield>
    <subfield code="o">616.89 28 GAB </subfield>
    <subfield code="p">2820</subfield>
    <subfield code="r">2014-11-06</subfield>
    <subfield code="s">2014-07-02</subfield>
    <subfield code="t">ej.1</subfield>
    <subfield code="w">2013-03-20</subfield>
    <subfield code="y">BK</subfield>
    <subfield code="z">COMPRA PROMED 2DA ETAPA, MARZO 2013</subfield>
  </datafield>
</record>
